| 000 | 00547cas a22001694i 4500 | ||
|---|---|---|---|
| 999 |
_c50778 _d50778 |
||
| 001 | 768714001 | ||
| 003 | CO-MdFUSB | ||
| 005 | 20180405171055.0 | ||
| 008 | 180405s2004 cr ||||| |||| 00| 0 spa d | ||
| 040 |
_aCO-MdFUSB _bspa _cCO-MdFUSB _dCO-MdFUSB |
||
| 041 | _aspa | ||
| 100 | 1 |
_aFumero, Mario E. _eautor |
|
| 245 | 1 | 0 | _aLa iglesia frente al siglo XXI |
| 300 |
_aVolumen 6. Número 13 (2004), páginas 202-205 _c: 28 cm. |
||
| 773 | 0 |
_tConquista Cristiana _049446 _960366 _gVolumen 6. Número 13 (2004), páginas 202-205 _qpágina 202 |
|
| 942 | _cANA | ||